[Event "Olimpiada Dresden 2008 Femenina"]
[Site "Dresden GER"]
[Date "2008.11.23"]
[Round "10.38"]
[White "Perera, Anjana"]
[Black "Shabanaj, Alda"]
[Result "0-1"]
[WhiteElo "1830"]
[BlackElo "1990"]
[PlyCount "88"]
[EventDate "2008.11.13"]
[EventType "team-swiss"]
[EventRounds "11"]
[EventCountry "GER"]
[Source "lmi"]
[SourceDate "2008.11.13"]
[WhiteTeam "Sri Lanka"]
[BlackTeam "Albania"]
[WhiteTeamCountry "SRI"]
[BlackTeamCountry "ALB"]

1. e4 d6 2. d4 g6 3. Nc3 Bg7 4. f4 Nf6 5. Nf3 O-O 6. h3 b6 7. Be3 Bb7 8. Bd3
Nbd7 9. g4 e6 10. Qd2 c5 11. O-O-O Qc7 12. Be2 Nxe4 13. Nxe4 Bxe4 14. dxc5 Nxc5
15. c3 Qc6 16. Bxc5 dxc5 17. Rhf1 Qa4 18. b3 Qa5 19. Kb2 b5 20. Qe3 Bxf3 21.
Rxf3 b4 22. Kb1 Bxc3 23. Qc1 Rad8 24. Bd3 Qc7 25. f5 exf5 26. gxf5 Qc6 27. Rg3
Be5 28. Rgg1 Qf3 29. Qc2 Bg7 30. fxg6 hxg6 31. h4 Qf6 32. Kc1 Qa1+ 33. Kd2 Bh6+
34. Ke1 Rfe8+ 35. Be2 Rxd1+ 36. Qxd1 Qc3+ 37. Kf1 Qh3+ 38. Rg2 Be3 39. Bf3 Qh1+
40. Ke2 Bg1+ 41. Kd3 Rd8+ 42. Kc2 Rxd1 43. Rxg6+ fxg6 44. Bxh1 Rd4 0-1

[Event "Olimpiada Dresden 2008 Femenina"]
[Site "Dresden GER"]
[Date "2008.11.23"]
[Round "10.38"]
[White "Driza, Arta"]
[Black "Thilakawardana, Supeshala"]
[Result "0-1"]
[WhiteElo "1959"]
[BlackElo "1815"]
[PlyCount "116"]
[EventDate "2008.11.13"]
[EventType "team-swiss"]
[EventRounds "11"]
[EventCountry "GER"]
[Source "lmi"]
[SourceDate "2008.11.13"]
[WhiteTeam "Albania"]
[BlackTeam "Sri Lanka"]
[WhiteTeamCountry "ALB"]
[BlackTeamCountry "SRI"]

1. e4 c5 2. Nf3 Nc6 3. d4 cxd4 4. Nxd4 Nf6 5. Nc3 e5 6. Nb3 Bb4 7. f3 d5 8.
exd5 Nxd5 9. Bd2 Nxc3 10. bxc3 Be7 11. Bd3 Be6 12. O-O O-O 13. a4 Qc7 14. f4 f5
15. fxe5 Nxe5 16. Nd4 Nxd3 17. cxd3 Bc5 18. Be3 Qd6 19. Kh1 Rac8 20. Nxe6 Qxe6
21. Bxc5 Rxc5 22. c4 Rd8 23. Qf3 b6 24. Rab1 Qd7 25. Rb5 Rxb5 26. cxb5 Qxd3 27.
h3 Qxf3 28. Rxf3 Rd4 29. Ra3 Rb4 30. Kh2 Kf7 31. Kg3 g5 32. Ra2 Kf6 33. Kf3 Ke5
34. Re2+ Kf6 35. Ra2 Rb3+ 36. Ke2 Rb4 37. Kf2 h5 38. Ra3 g4 39. hxg4 hxg4 40.
Ra2 f4 41. Ke2 Ke5 42. Kf2 Kd4 43. Ra3 Kc4 44. a5 Rxb5 45. axb6 axb6 46. Ra4+
Rb4 47. Ra8 Kb3 48. Rg8 g3+ 49. Kf3 b5 50. Rf8 Rc4 51. Rxf4 Rxf4+ 52. Kxf4 Kc4
53. Kxg3 b4 54. Kf4 b3 55. g4 b2 56. g5 b1=Q 57. Kg4 Qg6 58. Kf4 Kd4 0-1

[Event "Olimpiada Dresden 2008 Femenina"]
[Site "Dresden GER"]
[Date "2008.11.23"]
[Round "10.39"]
[White "Hamid, Rani"]
[Black "Zsiltzova-Lisenko, Lubov"]
[Result "0-1"]
[WhiteElo "2132"]
[BlackElo "2265"]
[PlyCount "106"]
[EventDate "2008.11.13"]
[EventType "team-swiss"]
[EventRounds "11"]
[EventCountry "GER"]
[Source "lmi"]
[SourceDate "2008.11.13"]
[WhiteTeam "Bangladesh"]
[BlackTeam "Ucrania"]
[WhiteTeamCountry "BAN"]
[BlackTeamCountry "UKR"]

1. e4 c5 2. Nf3 Nc6 3. d4 cxd4 4. Nxd4 Qb6 5. Nb3 Nf6 6. Nc3 e6 7. Be3 Qc7 8.
Be2 a6 9. f4 d6 10. O-O Be7 11. a4 b6 12. Bf3 Rb8 13. Kh1 O-O 14. Qe2 e5 15. f5
Nb4 16. g4 d5 17. exd5 Bb7 18. Rad1 Rfd8 19. Qf2 Nfxd5 20. Nxd5 Nxd5 21. Bxd5
Rxd5 22. Rxd5 Bxd5+ 23. Kg1 Qc4 24. g5 Qe4 25. Qg3 Bd6 26. f6 Qxc2 27. Nd2 g6
28. b3 Re8 29. Nc4 Bxc4 30. bxc4 Qxa4 31. Bxb6 Qxc4 32. Re1 a5 33. Be3 a4 34.
Rc1 Qe4 35. Rd1 Bf8 36. Re1 a3 37. Bf2 Qd5 38. Qc3 a2 39. h4 Ra8 40. Qa1 Ra4
41. Kh2 Rg4 42. Rg1 Ra4 43. Bg3 e4 44. Rg2 Qb3 45. Re2 Ra3 46. Rg2 e3 47. Re2
Qc4 48. Re1 e2 49. Qe5 Qg4 50. Rc1 Rb3 51. Ra1 Qc4 52. Qe8 Rxg3 53. Kxg3 Qc3+
0-1

[Event "Olimpiada Dresden 2008 Femenina"]
[Site "Dresden GER"]
[Date "2008.11.23"]
[Round "10.39"]
[White "Stolarczyk, Anna"]
[Black "Shamima, Akter Liza"]
[Result "0-1"]
[WhiteElo "2001"]
[BlackElo "2094"]
[PlyCount "90"]
[EventDate "2008.11.13"]
[EventType "team-swiss"]
[EventRounds "11"]
[EventCountry "GER"]
[Source "lmi"]
[SourceDate "2008.11.13"]
[WhiteTeam "Polonia"]
[BlackTeam "Bangladesh"]
[WhiteTeamCountry "POL"]
[BlackTeamCountry "BAN"]

1. d4 d5 2. c4 c6 3. Nf3 Nf6 4. e3 Bf5 5. Nc3 e6 6. Qb3 Qc7 7. Nh4 Bg6 8. Bd2
Be7 9. Rc1 Ne4 10. Nxg6 Nxd2 11. Kxd2 dxc4 12. Bxc4 hxg6 13. Ke2 Nd7 14. g3 a6
15. Ne4 g5 16. h4 gxh4 17. gxh4 Nb6 18. Ng5 Nxc4 19. Qxc4 Qa5 20. f4 Qf5 21.
Kf3 Bxg5 22. hxg5 Rh3+ 23. Kf2 O-O-O 24. Rxh3 Qxh3 25. Qf1 Qf5 26. Rc5 Qg6 27.
Qh1 Kc7 28. Rc3 f6 29. gxf6 gxf6 30. Kf3 Rg8 31. Qh2 f5 32. Rc1 Rg7 33. Kf2 Rh7
34. Qg3 Qf7 35. Rg1 Qe7 36. a3 b5 37. e4 fxe4 38. Ke3 Qd6 39. Qg5 Qd5 40. Qe5+
Kb6 41. Qb8+ Ka5 42. Rc1 Rh3+ 43. Ke2 Qh5+ 44. Kd2 Rh2+ 45. Kc3 Qf3# 0-1

[Event "Olimpiada Dresden 2008 Femenina"]
[Site "Dresden GER"]
[Date "2008.11.23"]
[Round "10.39"]
[White "Khan, Nazrana"]
[Black "Debowska, Teresa"]
[Result "1-0"]
[WhiteElo "1987"]
[BlackElo "1916"]
[PlyCount "127"]
[EventDate "2008.11.13"]
[EventType "team-swiss"]
[EventRounds "11"]
[EventCountry "GER"]
[Source "lmi"]
[SourceDate "2008.11.13"]
[WhiteTeam "Bangladesh"]
[BlackTeam "Polonia"]
[WhiteTeamCountry "BAN"]
[BlackTeamCountry "POL"]

1. d4 c5 2. Nf3 cxd4 3. Nxd4 d5 4. g3 e5 5. Nb3 Nf6 6. Bg2 Nc6 7. Bg5 d4 8. c3
h6 9. Bxf6 Qxf6 10. O-O Be7 11. cxd4 exd4 12. N1d2 O-O 13. Nf3 Rd8 14. Nc1 Bc5
15. Nd3 Bb6 16. b4 a6 17. Qb3 Be6 18. Qb2 Ne7 19. Rac1 g5 20. Nc5 Bd5 21. Rfd1
Qg7 22. a3 Nf5 23. g4 Bxf3 24. Bxf3 Nh4 25. Rc4 Nxf3+ 26. exf3 Qf6 27. Kg2 Bc7
28. Rcxd4 Re8 29. Nd7 Qg7 30. Qc2 Bf4 31. Qf5 Be5 32. Nxe5 Qxe5 33. Qxe5 Rxe5
34. Rd8+ Rxd8 35. Rxd8+ Kg7 36. Rd7 b5 37. Kg3 Re6 38. h3 Rf6 39. Rd4 Rc6 40.
Re4 Kg6 41. f4 Rc3+ 42. Re3 Rc4 43. fxg5 hxg5 44. Rd3 f6 45. f3 Rc6 46. h4
gxh4+ 47. Kxh4 Rc4 48. Kg3 a5 49. bxa5 Ra4 50. Rb3 Rxa5 51. Kf4 Ra4+ 52. Ke3
Ra5 53. Kd4 Kg5 54. Kc5 Kf4 55. Kb4 Ra8 56. Kxb5 Rb8+ 57. Kc4 Rxb3 58. Kxb3
Kxf3 59. a4 Kxg4 60. a5 f5 61. a6 f4 62. a7 f3 63. a8=Q f2 64. Qg2+ 1-0

[Event "Olimpiada Dresden 2008 Femenina"]
[Site "Dresden GER"]
[Date "2008.11.23"]
[Round "10.39"]
[White "Fries, Elisabeth"]
[Black "Parveen, Seyda Shabana"]
[Result "0-1"]
[WhiteElo "1738"]
[BlackElo "2079"]
[PlyCount "60"]
[EventDate "2008.11.13"]
[EventType "team-swiss"]
[EventRounds "11"]
[EventCountry "GER"]
[Source "lmi"]
[SourceDate "2008.11.13"]
[WhiteTeam "Alemania"]
[BlackTeam "Bangladesh"]
[WhiteTeamCountry "GER"]
[BlackTeamCountry "BAN"]

1. d4 Nf6 2. Nf3 e6 3. c4 Bb4+ 4. Bd2 Qe7 5. a3 Bxd2+ 6. Nbxd2 d6 7. e3 Nbd7 8.
Qc2 b6 9. Bd3 Bb7 10. O-O O-O 11. Rfe1 c5 12. b4 cxd4 13. exd4 Rac8 14. Qb3 Qd8
15. Ne4 Nxe4 16. Bxe4 Bxe4 17. Rxe4 d5 18. cxd5 Nf6 19. Rh4 Qxd5 20. Qxd5 Nxd5
21. Re4 Rc2 22. Kf1 Rfc8 23. Ree1 h6 24. Red1 Nf4 25. g3 Nd5 26. Ke1 Nc3 27.
Rdc1 Ne4 28. Rxc2 Rxc2 29. Ne5 Nxf2 30. Kf1 Nh3 0-1

[Event "Olimpiada Dresden 2008 Femenina"]
[Site "Dresden GER"]
[Date "2008.11.23"]
[Round "10.42"]
[White "Gerasimova, Olga"]
[Black "Jennitha, Anto K"]
[Result "0-1"]
[WhiteElo "2316"]
[BlackElo "1998"]
[PlyCount "160"]
[EventDate "2008.11.13"]
[EventType "team-swiss"]
[EventRounds "11"]
[EventCountry "GER"]
[Source "lmi"]
[SourceDate "2008.11.13"]
[WhiteTeam "Rusia"]
[BlackTeam "India"]
[WhiteTeamCountry "RUS"]
[BlackTeamCountry "IND"]

1. e4 c5 2. Nc3 Nc6 3. g3 g6 4. Bg2 Bg7 5. Nge2 e6 6. d3 Nge7 7. Be3 d6 8. O-O
O-O 9. Qd2 Nd4 10. Nd1 Nxe2+ 11. Qxe2 Qc7 12. c3 Bd7 13. f4 Rae8 14. Rc1 b6 15.
d4 Bc6 16. Nf2 f5 17. e5 Bxg2 18. Kxg2 dxe5 19. dxe5 Qc6+ 20. Kg1 Rd8 21. Rcd1
Qc7 22. Qc4 Kf7 23. Qe2 Rxd1 24. Rxd1 Rd8 25. c4 Rxd1+ 26. Nxd1 Qd7 27. Nc3 Nc6
28. Nb5 Bf8 29. Qd2 Qxd2 30. Bxd2 Ke8 31. Kf2 Kd7 32. Bc3 a6 33. Na3 Na7 34.
Nc2 Kc6 35. Ke3 Be7 36. a3 Nc8 37. Ne1 Na7 38. Nf3 Nc8 39. h3 h5 40. b4 Na7 41.
Nd2 Kb7 42. Nb3 Nc6 43. b5 Nd8 44. Kf3 Nf7 45. a4 a5 46. Nd2 Kc7 47. Nf1 g5 48.
g4 hxg4+ 49. hxg4 fxg4+ 50. Kxg4 gxf4 51. Kxf4 Bf8 52. Nh2 Bh6+ 53. Kg4 Be3 54.
Nf3 Nh6+ 55. Kh5 Nf5 56. Kg6 Nd4 57. Ng5 Bxg5 58. Kxg5 Nc2 59. Kf6 Kd7 60. Bd2
Na3 61. Bxa5 bxa5 62. b6 Nxc4 63. b7 Kc7 64. Kxe6 Kxb7 65. Kd5 Nxe5 66. Kxc5
Ka6 67. Kd4 Nd7 68. Kc4 Kb6 69. Kb3 Kc5 70. Kc3 Nb6 71. Kb3 Kd4 72. Ka3 Kc4 73.
Kb2 Kb4 74. Ka2 Nxa4 75. Ka1 Kb3 76. Kb1 Nb6 77. Ka1 Nc4 78. Kb1 Ne3 79. Kc1 a4
80. Kb1 Nc2 0-1

[Event "Olimpiada Dresden 2008 Femenina"]
[Site "Dresden GER"]
[Date "2008.11.23"]
[Round "10.42"]
[White "Kaydanovich, Marina"]
[Black "Mucha, Annegret"]
[Result "1-0"]
[WhiteElo "1855"]
[BlackElo "1965"]
[PlyCount "89"]
[EventDate "2008.11.13"]
[EventType "team-swiss"]
[EventRounds "11"]
[EventCountry "GER"]
[Source "lmi"]
[SourceDate "2008.11.13"]
[WhiteTeam "Rusia"]
[BlackTeam "Alemania"]
[WhiteTeamCountry "RUS"]
[BlackTeamCountry "GER"]

1. e4 c5 2. Nf3 d6 3. d4 cxd4 4. Nxd4 Nf6 5. Nc3 a6 6. Be2 e6 7. Be3 Be7 8. Qd2
Qc7 9. f3 O-O 10. g4 b5 11. O-O-O Bb7 12. h4 Nc6 13. h5 b4 14. Nb1 Rfc8 15. g5
Nxd4 16. Bxd4 Bxe4 17. fxe4 Nxe4 18. Qd3 Bxg5+ 19. Nd2 Nxd2 20. Rxd2 Bxd2+ 21.
Qxd2 e5 22. Bf2 a5 23. Rg1 a4 24. Kb1 Ra5 25. Bd3 Kh8 26. h6 Rg8 27. Qg5 f6 28.
Qf5 e4 29. Qxe4 gxh6 30. Rxg8+ Kxg8 31. Qxb4 Rh5 32. Qg4+ Rg5 33. Qxa4 Qe7 34.
b3 h5 35. Qf4 Kg7 36. a4 Rg4 37. Qf5 Kh6 38. a5 Rg5 39. Qf4 Qe5 40. Qxe5 Rxe5
41. a6 Ra5 42. b4 Ra4 43. c3 Kg5 44. Kb2 h4 45. Bb5 1-0

[Event "Olimpiada Dresden 2008 Femenina"]
[Site "Dresden GER"]
[Date "2008.11.23"]
[Round "10.42"]
[White "Gonchar, Svitlana"]
[Black "Gerasimova, Svetlana"]
[Result "1/2-1/2"]
[WhiteElo "1844"]
[BlackElo "1905"]
[PlyCount "105"]
[EventDate "2008.11.13"]
[EventType "team-swiss"]
[EventRounds "11"]
[EventCountry "GER"]
[Source "lmi"]
[SourceDate "2008.11.13"]
[WhiteTeam "Ucrania"]
[BlackTeam "Rusia"]
[WhiteTeamCountry "UKR"]
[BlackTeamCountry "RUS"]

1. d4 Nf6 2. c4 g6 3. Nc3 Bg7 4. e4 d6 5. Nf3 O-O 6. Be2 Nbd7 7. O-O e5 8. d5
Nc5 9. Qc2 a5 10. Be3 Nfd7 11. b3 f5 12. a3 fxe4 13. Nxe4 Nxe4 14. Qxe4 Nf6 15.
Qh4 Nh5 16. Qxd8 Rxd8 17. Rad1 Bf5 18. Rd2 Nf6 19. Nh4 Ne4 20. Rc2 Ng3 21. Nxf5
Nxf1 22. Bg5 gxf5 23. Bxd8 Rxd8 24. Kxf1 e4 25. c5 Be5 26. g3 f4 27. Bg4 Rf8
28. Ke2 fxg3 29. fxg3 dxc5 30. Rxc5 Rf2+ 31. Ke3 Rxh2 32. Kxe4 Bxg3 33. Be6+
Kg7 34. a4 Bd6 35. Rxa5 Kf6 36. Kd3 Rh3+ 37. Kc4 Rh4+ 38. Kc3 Rb4 39. Ra8 h5
40. Rg8 h4 41. Rg4 Rxg4 42. Bxg4 Kg5 43. Bc8 Kf4 44. b4 Kg3 45. a5 h3 46. Bxh3
Kxh3 47. Kc4 Bg3 48. b5 Bf2 49. a6 bxa6 50. bxa6 Kg4 51. Kb5 Kf5 52. Kc6 Ke5
53. Kxc7 1/2-1/2

[Event "Olimpiada Dresden 2008 Femenina"]
[Site "Dresden GER"]
[Date "2008.11.23"]
[Round "10.43"]
[White "Yueh, Elsa Wei Chung"]
[Black "Nekrasova, Elena"]
[Result "0-1"]
[WhiteElo "1612"]
[BlackElo "2091"]
[PlyCount "56"]
[EventDate "2008.11.13"]
[EventType "team-swiss"]
[EventRounds "11"]
[EventCountry "GER"]
[Source "lmi"]
[SourceDate "2008.11.13"]
[WhiteTeam "TPE"]
[BlackTeam "Líbano"]
[BlackTeamCountry "LBN"]

1. Nf3 c5 2. c4 Nc6 3. d4 cxd4 4. Nxd4 g6 5. g3 Bg7 6. Nxc6 bxc6 7. Bg2 Nf6 8.
Nd2 d5 9. cxd5 cxd5 10. O-O O-O 11. b3 Ne4 12. Nxe4 Bxa1 13. Bh6 Bg7 14. Bxg7
Kxg7 15. Nc3 e6 16. e3 Ba6 17. Re1 Rc8 18. Na4 Qa5 19. Bf1 Bxf1 20. Kxf1 Qb4
21. Qa1+ f6 22. Rd1 Rc2 23. Qb1 Qb5+ 24. Kg2 Qe2 25. Rf1 Rfc8 26. Qa1 Qxe3 27.
b4 Qe4+ 28. Kg1 Qxb4 0-1

[Event "Olimpiada Dresden 2008 Femenina"]
[Site "Dresden GER"]
[Date "2008.11.23"]
[Round "10.43"]
[White "Jalloul, Maya M"]
[Black "Chen, I Chen"]
[Result "1-0"]
[WhiteElo "1889"]
[BlackElo "1725"]
[PlyCount "111"]
[EventDate "2008.11.13"]
[EventType "team-swiss"]
[EventRounds "11"]
[EventCountry "GER"]
[Source "lmi"]
[SourceDate "2008.11.13"]
[WhiteTeam "Líbano"]
[BlackTeam "TPE"]
[WhiteTeamCountry "LBN"]

1. e4 e5 2. Nf3 Nc6 3. Bc4 Bc5 4. c3 Nf6 5. d3 a6 6. Bb3 d6 7. Nbd2 Ba7 8. O-O
O-O 9. Re1 Kh8 10. Nf1 Ng8 11. Ng3 f5 12. exf5 Bxf5 13. Nxf5 Rxf5 14. Be3 Bxe3
15. fxe3 Nce7 16. e4 Rf6 17. Ng5 Nh6 18. Qh5 Qe8 19. Qxe8+ Rxe8 20. Rf1 Ng6 21.
g3 c6 22. Rf2 Rxf2 23. Kxf2 Rf8+ 24. Kg2 Rf6 25. Rf1 Nf8 26. h3 Rxf1 27. Kxf1
g6 28. Ne6 Nxe6 29. Bxe6 b6 30. Ke2 Kg7 31. b4 a5 32. a4 Kf6 33. Bd7 c5 34.
bxc5 bxc5 35. Kd2 Nf7 36. Kc2 Ke7 37. Bc8 Kd8 38. Bg4 Nh6 39. Be6 Ke7 40. Bd5
Kd8 41. Kb3 Kc7 42. Kc4 Kb6 43. Be6 Kc6 44. h4 Kc7 45. Kb5 Kd8 46. Kxa5 Ke7 47.
Bc4 Ng4 48. Kb6 Nf6 49. a5 Ne8 50. Bb5 Nf6 51. a6 d5 52. a7 dxe4 53. dxe4 Nxe4
54. a8=Q Nxc3 55. Qe8+ Kf6 56. Qf8+ 1-0

[Event "Olimpiada Dresden 2008 Femenina"]
[Site "Dresden GER"]
[Date "2008.11.23"]
[Round "10.44"]
[White "Uchida, Narumi"]
[Black "Qane, Chnar"]
[Result "1/2-1/2"]
[WhiteElo "1822"]
[BlackElo "1913"]
[PlyCount "67"]
[EventDate "2008.11.13"]
[EventType "team-swiss"]
[EventRounds "11"]
[EventCountry "GER"]
[Source "lmi"]
[SourceDate "2008.11.13"]
[WhiteTeam "Japón"]
[BlackTeam "Irak"]
[WhiteTeamCountry "JPN"]
[BlackTeamCountry "IRQ"]

1. e4 e5 2. Nf3 Nc6 3. Bb5 a6 4. Ba4 Nf6 5. O-O Be7 6. Re1 b5 7. Bb3 d6 8. c3
O-O 9. h3 Na5 10. Bc2 c5 11. d4 cxd4 12. cxd4 Qc7 13. Nbd2 Bd7 14. Nf1 Rac8 15.
Ne3 Rfe8 16. Bd2 Bf8 17. Rc1 Qb6 18. dxe5 dxe5 19. Bc3 Nc6 20. Nd5 Qd8 21.
Nxf6+ gxf6 22. Re3 Be6 23. Rd3 Qe7 24. Nh4 Kh8 25. Nf5 Bxf5 26. exf5 Bh6 27.
Bd2 Bxd2 28. Qxd2 Nd4 29. g4 Nxc2 30. Rxc2 Rcd8 31. Rc6 Rxd3 32. Qxd3 Rd8 33.
Qc2 Rd6 34. Rc7 1/2-1/2

[Event "Olimpiada Dresden 2008 Femenina"]
[Site "Dresden GER"]
[Date "2008.11.23"]
[Round "10.45"]
[White "Segarra Choer, Tammy"]
[Black "Colombo, Camila"]
[Result "1/2-1/2"]
[WhiteElo "1819"]
[BlackElo "2071"]
[PlyCount "82"]
[EventDate "2008.11.13"]
[EventType "team-swiss"]
[EventRounds "11"]
[EventCountry "GER"]
[Source "lmi"]
[SourceDate "2008.11.13"]
[WhiteTeam "Puerto Rico"]
[BlackTeam "Uruguay"]
[WhiteTeamCountry "PUR"]
[BlackTeamCountry "URU"]

1. d4 Nf6 2. c4 g6 3. Nc3 Bg7 4. e4 d6 5. Be2 O-O 6. Nf3 e5 7. O-O Nc6 8. d5
Ne7 9. Ne1 Nd7 10. Be3 f5 11. f3 f4 12. Bf2 g5 13. Nd3 Ng6 14. c5 Nf6 15. Rc1
Rf7 16. cxd6 cxd6 17. Nb5 g4 18. Rxc8 Rxc8 19. Bxa7 Bf8 20. a4 Ra8 21. Bf2 g3
22. hxg3 fxg3 23. Bxg3 Nh5 24. Bf2 Qg5 25. g4 Nhf4 26. Nxf4 Nxf4 27. Bg3 h5 28.
Bxf4 Qxf4 29. Kg2 Rh7 30. Rh1 Rc8 31. Nc3 Rcc7 32. Qc1 Qf6 33. Qf1 Bh6 34. Rxh5
Bf4 35. Qh1 Rcg7 36. Bb5 Qf7 37. Kf1 Qc7 38. Qh4 Bg5 39. Qh2 Qf7 40. Kf2 Bc1
41. b3 Qc7 1/2-1/2

[Event "Olimpiada Dresden 2008 Femenina"]
[Site "Dresden GER"]
[Date "2008.11.23"]
[Round "10.48"]
[White "Vargas, Gabriela"]
[Black "Al-Khelaifi, Salama"]
[Result "1-0"]
[WhiteElo "2055"]
[BlackElo "1707"]
[PlyCount "53"]
[EventDate "2008.11.13"]
[EventType "team-swiss"]
[EventRounds "11"]
[EventCountry "GER"]
[Source "lmi"]
[SourceDate "2008.11.13"]
[WhiteTeam "Paraguay"]
[BlackTeam "Qatar"]
[WhiteTeamCountry "PAR"]
[BlackTeamCountry "QAT"]

1. d4 d5 2. Nf3 Nf6 3. Bg5 Ne4 4. Bf4 c5 5. c3 cxd4 6. cxd4 Nc6 7. e3 e6 8. Bd3
g5 9. Bg3 h5 10. h4 Nxg3 11. fxg3 g4 12. Ne5 Nxe5 13. dxe5 Bh6 14. Bb5+ Bd7 15.
Bxd7+ Qxd7 16. Qd4 Qc7 17. Nc3 Bg7 18. O-O O-O 19. Rf6 Bxf6 20. exf6 Rac8 21.
Kh2 a6 22. e4 Rfd8 23. Qe3 Kf8 24. exd5 e5 25. Qg5 Rb8 26. Re1 Qc5 27. Rxe5 1-0

[Event "Olimpiada Dresden 2008 Femenina"]
[Site "Dresden GER"]
[Date "2008.11.23"]
[Round "10.48"]
[White "Safar, Alshaymaa"]
[Black "Perez, Dalila"]
[Result "1/2-1/2"]
[WhiteElo "1559"]
[BlackElo "1632"]
[PlyCount "70"]
[EventDate "2008.11.13"]
[EventType "team-swiss"]
[EventRounds "11"]
[EventCountry "GER"]
[Source "lmi"]
[SourceDate "2008.11.13"]
[WhiteTeam "Qatar"]
[BlackTeam "Paraguay"]
[WhiteTeamCountry "QAT"]
[BlackTeamCountry "PAR"]

1. d4 e6 2. c4 d5 3. Nc3 Nc6 4. Nf3 Nge7 5. Bf4 Ng6 6. Bg3 dxc4 7. e3 Bd6 8.
Bxd6 cxd6 9. Bxc4 O-O 10. O-O d5 11. Bd3 Bd7 12. a3 Nce7 13. Rc1 Rc8 14. Qb3
Bc6 15. Qc2 a6 16. b4 b5 17. Nd2 Qd6 18. Nb3 Ra8 19. Na5 Rfc8 20. Qe2 e5 21.
dxe5 Qxe5 22. Nxc6 Rxc6 23. Nb1 Rac8 24. Rxc6 Rxc6 25. Qd2 Qg5 26. f3 Qf6 27.
Rc1 Rxc1+ 28. Qxc1 h6 29. Nc3 d4 30. Ne4 Qe5 31. exd4 Qxd4+ 32. Nf2 Nf4 33. Bf1
g6 34. Qd1 Qb6 35. Qd2 g5 1/2-1/2

[Event "Olimpiada Dresden 2008 Femenina"]
[Site "Dresden GER"]
[Date "2008.11.23"]
[Round "10.48"]
[White "Rojas, Montserrat"]
[Black "Al-Khelaifi, Aisha"]
[Result "1/2-1/2"]
[WhiteElo "1689"]
[BlackElo "1640"]
[PlyCount "79"]
[EventDate "2008.11.13"]
[EventType "team-swiss"]
[EventRounds "11"]
[EventCountry "GER"]
[Source "lmi"]
[SourceDate "2008.11.13"]
[WhiteTeam "Paraguay"]
[BlackTeam "Qatar"]
[WhiteTeamCountry "PAR"]
[BlackTeamCountry "QAT"]

1. e4 e5 2. d4 exd4 3. Qxd4 Nc6 4. Qe3 d6 5. Nc3 Nf6 6. Bd2 a6 7. Bc4 Qe7 8.
Nd5 Nxd5 9. Bxd5 Ne5 10. O-O-O c6 11. Bb3 c5 12. Bd5 Be6 13. Bc3 Ng4 14. Qe2
Rb8 15. f3 Nf6 16. Bxf6 Qxf6 17. Qd2 Be7 18. Ne2 h6 19. Nc3 O-O 20. f4 Qh4 21.
g3 Qg4 22. Qg2 Qh5 23. h3 b5 24. g4 Qh4 25. f5 Bd7 26. Ne2 c4 27. Nd4 Rbc8 28.
Nf3 Qf6 29. h4 g5 30. hxg5 hxg5 31. Qh3 Qg7 32. Rh2 Bf6 33. Rdh1 Bxb2+ 34. Kb1
Bf6 35. Qh7+ Qxh7 36. Rxh7 Bc6 37. R7h6 Bxd5 38. exd5 Kg7 39. Rh7+ Kg8 40. R7h6
1/2-1/2

[Event "Olimpiada Dresden 2008 Femenina"]
[Site "Dresden GER"]
[Date "2008.11.23"]
[Round "10.48"]
[White "Safar, Reem"]
[Black "Alderete, Jazmin"]
[Result "1-0"]
[WhiteElo "1719"]
[BlackElo "1524"]
[PlyCount "73"]
[EventDate "2008.11.13"]
[EventType "team-swiss"]
[EventRounds "11"]
[EventCountry "GER"]
[Source "lmi"]
[SourceDate "2008.11.13"]
[WhiteTeam "Qatar"]
[BlackTeam "Paraguay"]
[WhiteTeamCountry "QAT"]
[BlackTeamCountry "PAR"]

1. d4 d5 2. c4 e6 3. Nc3 Nf6 4. Nf3 Be7 5. g3 O-O 6. Bg2 c5 7. cxd5 Nxd5 8.
Nxd5 exd5 9. O-O Be6 10. dxc5 Bxc5 11. Bf4 Nc6 12. Qa4 Qb6 13. Qc2 Rac8 14.
Rad1 Ne5 15. Qb1 Ng4 16. e3 h6 17. h3 Nf6 18. Be5 Nd7 19. Bd4 Bxd4 20. Nxd4 Ne5
21. Kh2 Rfd8 22. b3 a6 23. Rd2 Rd7 24. Rc1 Rxc1 25. Qxc1 Qd8 26. Qb2 Qf6 27.
Qc2 Qd8 28. Qb2 Qf6 29. Qc3 Ng6 30. Qc8+ Qd8 31. Qxd8+ Rxd8 32. Rc2 Rd7 33. f4
Ne7 34. g4 g6 35. Kg3 Rd6 36. Rc7 Rd7 37. Nxe6 1-0

[Event "Olimpiada Dresden 2008 Femenina"]
[Site "Dresden GER"]
[Date "2008.11.23"]
[Round "10.49"]
[White "Rocha, Valquiria"]
[Black "Sciortino, Marilyn"]
[Result "1-0"]
[WhiteElo "1824"]
[BlackElo "2005"]
[PlyCount "53"]
[EventDate "2008.11.13"]
[EventType "team-swiss"]
[EventRounds "11"]
[EventCountry "GER"]
[Source "lmi"]
[SourceDate "2008.11.13"]
[WhiteTeam "Angola"]
[BlackTeam "Malta"]
[WhiteTeamCountry "ANG"]
[BlackTeamCountry "MLT"]

1. e4 e5 2. Nf3 Nc6 3. Bc4 h6 4. O-O Bc5 5. Nc3 d6 6. h3 Nge7 7. Na4 Bb6 8.
Nxb6 axb6 9. a3 O-O 10. d3 Na5 11. Ba2 c5 12. Nh2 Nac6 13. f4 Kh8 14. f5 f6 15.
Qh5 Qe8 16. Qh4 Kh7 17. Ng4 h5 18. c3 Ng8 19. Rf3 Nce7 20. Be3 Bd7 21. Nh2 Nh6
22. g4 g5 23. fxg6+ Qxg6 24. Raf1 Neg8 25. Kh1 hxg4 26. Bxg8+ Rxg8 27. Rxf6 1-0

[Event "Olimpiada Dresden 2008 Femenina"]
[Site "Dresden GER"]
[Date "2008.11.23"]
[Round "10.51"]
[White "Lee, Wing"]
[Black "Smith, Javanna"]
[Result "1-0"]
[WhiteElo "2014"]
[BlackElo "2001"]
[PlyCount "43"]
[EventDate "2008.11.13"]
[EventType "team-swiss"]
[EventRounds "11"]
[EventCountry "GER"]
[Source "lmi"]
[SourceDate "2008.11.13"]
[WhiteTeam "Macao"]
[BlackTeam "Trinidad y Tobago"]
[WhiteTeamCountry "MAC"]
[BlackTeamCountry "TRI"]

1. e4 c5 2. Nf3 d6 3. Nc3 Nf6 4. Be2 e6 5. O-O Be7 6. d4 cxd4 7. Nxd4 Nc6 8.
Be3 O-O 9. Qd2 Bd7 10. Rad1 a6 11. f4 Rc8 12. f5 e5 13. Nf3 Re8 14. Bg5 Qb6+
15. Kh1 Qxb2 16. Rb1 Qa3 17. Bxf6 Bxf6 18. Nd5 Be7 19. f6 gxf6 20. Nh4 Nd4 21.
c3 Qxc3 22. Nxc3 1-0